| 000 | 00467cam a2200169ua 4500 | ||
|---|---|---|---|
| 041 |
_aeng _h |
||
| 082 |
_a821 _bWHI/GE |
||
| 100 | _aWhitehead, Frank . | ||
| 245 | 0 | 0 |
_aGeorge crabbe: Selections from his poetry / _cFrank Whitehead. _hTextual Documents |
| 260 |
_aLondon : _bChatto and Windus , _c1965. |
||
| 300 | _a204 ; . | ||
| 440 | 0 |
_aThe Queen`s Classics, _v _x; |
|
| 490 | 0 |
_aThe Queen`s Classics, _v _x; |
|
| 504 | _a | ||
| 942 | _cBK | ||
| 999 |
_c4208 _d4208 |
||